K niektorým otázkam agrárneho vývoja v Uhorsku v 16.-18. storočí

Bibliographic Details
Main Author: Kiss, István N. (Author)
Format: Article
Language:Slovak
Subjects:

MARC

LEADER 00000naa a2200000 ar4500
001 vtls009089839
003 SK-MaSNL
005 20260302100401.0
008 070828e1972 xo | || |||| ||slo
015 |a SNBRA2007/08  |2 snkbucl 
038 |a SNKBUCL 
040 |a SNKBUCL  |b slo  |c SNKBUCL  |e AACR2 
041 0 |a slo 
044 |a xo  |c SK 
080 |a 63  |x (439.2)  |x "15/17"  |2 1997 
080 |a 94(439.2):63  |x "15/17"  |2 1997 
080 |a 330.342.13:63  |x (439.2)  |x "15/17"  |2 1997 
080 |a 347.236  |x (439.2)  |x "15/17"  |2 1997 
080 |a 342.365  |x (439.2)  |x "15/17"  |2 1997 
100 1 |a Kiss, István N.  |4 aut  |9 770978 
245 1 0 |a K niektorým otázkam agrárneho vývoja v Uhorsku v 16.-18. storočí  |c István N. Kiss 
648 7 |a 16.-18. stor.  |2 snkbucl  |9 309930 
650 0 7 |a agrárne dejiny  |2 snkbucl  |9 105516 
650 0 7 |a feudalizmus  |2 snkbucl  |9 4441 
650 0 7 |a neskorý feudalizmus  |2 snkbucl  |9 287060 
651 7 |a Uhorsko  |x dejiny  |2 snkbucl  |9 56334 
655 7 |a diskusné príspevky  |2 snkbucl  |9 504460 
773 0 |t Historické štúdie. XVII  |d Bratislava : Vydavateľstvo Slovenskej akadémie vied, 1972  |g S. 225-228 
852 |a SNK  |b KIS3GCP 
958 |a HU 
999 |c 1220005  |d 1221935